000 01108cad a22002055a 4500
001 E147374
008 090507s2009 xxk 000 0 eng d
035 _a(Sirsi) u147374
041 0 _aeng
110 2 _aUnited Kingdom
_bPlanning Inspectorate
_92192
245 0 0 _aPlanning conditions and obligations
_h[electronic resource]
260 _c[2009]
520 _aSets out revised advice to Planning Inspectors regarding S106 obligations, to the effect that if a proposed development is only acceptable if a financial contribution is made towards the cost of providing infrastructure, and there is no satisfactory obligation in place to secure such payment, then the appeal may have to be dismissed. This does not mean, however, that a condition should never be used.
590 _aKA
650 2 4 _aDOE CIRCULAR 11/1995
651 4 _aEngland
_y886-
690 _aPlanning and development
_96259
856 4 0 _uhttps://www.planning-inspectorate.gov.uk/pins/appeals/planning_appeals/guidance_for_planning_obligations.html
_zView the guidance free of charge at www.planning-inspectorate.gov.uk...
942 _n0
999 _c81519
_d81519